LEADER 01234nam a2200289 i 4500 001 991001725199707536 005 20020502201258.0 008 940203s1991 it ||| | ita 035 $ab10898128-39ule_inst 035 $aLE02375400$9ExL 040 $aDip.to Studi Storici$bita 082 0 $a378.452 082 0 $a708.5 100 1 $aBazzotti, Ugo$0169677 245 13$aIl Palazzo degli Studi :$bappunti per una storia dell'istruzione superiore a Mantova :$bluoghi e vicende dal Collegio dei Gesuiti al Liceo Ginnasio "Virgilio" :$b[catalogo della mostra, Mantova, Palazzo Ducale, Sala Novanta, 8-27 ottobre 1991 /$ca cura di Ugo Bazzotti e Daniela Ferrari 260 $aMantova :$bPubli Paolini,$c1991 300 $a113 p. ;$c21 cm. 650 4$aEsposizioni - Mantova$xPalazzo Ducale$y1991 650 4$aIstruzione - Mantova$ySec.16-20. 650 4$aMantova$xPalazzo degli studi 700 1 $aFerrari, Daniela 907 $a.b10898128$b21-09-06$c28-06-02 912 $a991001725199707536 945 $aLE023 378 BAZ 1 1$g1$i2023000012772$lle023$o-$pE0.00$q-$rl$s- $t0$u0$v0$w0$x0$y.i11003984$z28-06-02 996 $aPalazzo degli Studi$9921094 997 $aUNISALENTO 998 $ale023$b01-01-94$cm$da $e-$fita$git $h3$i1 LEADER 01408nam0 22003613i 450 001 UBO3476355 005 20251003044424.0 010 $a0691129185 010 $a9780691129181 010 $a9780691168258$bpbk 100 $a20111116d2007 ||||0itac50 ba 101 | $aeng 102 $agb 181 1$6z01$ai $bxxxe 182 1$6z01$an 183 1$6z01$anc$2RDAcarrier 200 1 $aPositive definite matrices$fRajendra Bhatia 210 $aPrinceton [etc.]$cPrinceton University Press$d2007 215 $aIX, 254 p.$d24 cm. 225 | $aPrinceton series in applied mathematics 410 0$1001UBO1850253$12001 $aPrinceton series in applied mathematics 606 $aMatrici $2FIR$3CFIC015820$9I 676 $a512.9$9FONDAMENTI DELL'ALGEBRA$v14 676 $a512.9434$9FONDAMENTI DELL'ALGEBRA. MATRICI$v22 700 1$aBhatia$b, Rajendra$f <1952- >$3UFIV040226$4070$059869 801 3$aIT$bIT-000000$c20111116 850 $aIT-BN0095 901 $bNAP 01$cTEDASS $nex Centro interdipartimentale sulle alte tecnologie per la diagnostica ambientale e lo sviluppo sostenibile 912 $aUBO3476355 950 0$aBiblioteca Centralizzata di Ateneo$d 01TEDASS 512.9 BHA.po$e 0102 0000088815 VMA A4 1 v.$fY $h20111104$i20111116 977 $a 01 996 $aPositive definite matrices$91226929 997 $aUNISANNIO